00728nam a2200193 i 4500001000700000003000900007005001700016007000300033008004100036100002700077245007000104260006400174300002200238600005800260710005300318852002200371999001900393952012200412147024ES-MaACL20230906201754.0t|070920s1970 sp ||||1| spa d1 aTuriel, Pedro.911170510aUnamuno b: el pensador, el creyente, el hombre / cPedro Turiel. aMadrid : bCompañía Bibliográfica Española, c1970. a353 p. ; c25 cm.14aUnamuno, Miguel de,d1864-1936-xBiografías91723752 aCompañía Bibliográfica Española.9171207 aES-MaACLjC-38043 c147024d147024 00104070aATENEOMbATENEOMcDEPO2d2008-01-17eSCl0oC-38043p1153437r2023-02-23 00:00:00w2023-02-23yMONOGRAFIA